Študentská vedecká aktivita 2018 zborník prác študentov : 12. 4. 2018, [Banská Bystrica, Slovensko]
Saved in:
| Format: | Book |
|---|---|
| Language: | Slovak |
| Published: |
Banská Bystrica
Ekonomická fakulta Univerzity Mateja Bela v Banskej Bystrici
2018
|
| Edition: | 1. vydanie |
| Tags: |
No Tags, Be the first to tag this record!
|
MARC
| LEADER | 00000nlm a2200000 4500 | ||
|---|---|---|---|
| 001 | 0242402 | ||
| 005 | 20250822111604.3 | ||
| 020 | |a 978-80-557-1401-1 | ||
| 041 | 0 | |a slo | |
| 044 | |a SK | ||
| 245 | 1 | 0 | |a Študentská vedecká aktivita 2018 |b zborník prác študentov : 12. 4. 2018, [Banská Bystrica, Slovensko] |c zostavovateľ: Vanda Maráková |
| 250 | |a 1. vydanie | ||
| 264 | 1 | |a Banská Bystrica |b Ekonomická fakulta Univerzity Mateja Bela v Banskej Bystrici |c 2018 | |
| 300 | |a CD-ROM [80 s.] | ||